Inflectional morphology and naturalness

Bibliographic Details
Published in:Studies in natural language and linguistic theory
Main Author: Wurzel, Wolfgang U.
Content type: Book
Published: Dordrecht [etc.]: Kluwer 1988
Series:Studies in natural language and linguistic theory ;
Source:MPIPL_cat

MARC

LEADER 00000nam a2200000 ub4500
001 PL0041946
003 PLI01000000000000000041834
005 00000000000000.0
008 ||| u
020 |a 1-55608-026-3 
020 |a 9781556080265 
090 |a 209-Wur/1 
100 1 |a Wurzel, Wolfgang U. 
245 0 0 |a Inflectional morphology and naturalness  |c Wolfgang Ullrich Wurzel 
260 |a Dordrecht [etc.]  |b Kluwer  |c 1988 
300 |a XI, 219 p. 
490 0 |a Studies in natural language and linguistic theory ; 
500 |a TW 
696 |a Wurzel, Wolfgang Ullrich 
830 0 |w PL0000540 
852 |c 209-Wur/1  |m BOOK